000 00688nam a2200241Ia 4500
003 OSt
005 20220926014544.0
006 a|||||r|||| 00| 0
007 ta
008 220923b |||||||| |||| 00| 0 eng d
020 _a0070153469
037 _cGeneral Book
040 _aRTL
_cRTL
_beng
041 _2eng
_aeng
082 _aX:72, L6
100 _aDARBY Michael R
_9320652
245 0 _aMacroeconomics
_b The theory of income, employment, and the price level
260 _aNew York
_bMcGraw-Hill
_c1976
300 _axii, 395p
_ccm.
500 _aBibliography - 199-204p
942 _hX:72, L6
_cGB
_2CC
999 _c629326
_d629326